000 00874cam a22002777a 4500
003 CHAP
005 20220329133532.0
008 971013s1989 r 00010 d
010 _a7539
011 _a8511
035 _a7740
040 _cCHAP
090 _aFolleto 14174
100 0 0 _aGauthier, Laurent.
_947307
245 1 3 _aAn object-oriented design for a greenhouse climate control system
260 _aSt. Joseph, Mich. :
_bAmerican Society of Agricultural Engineering,
_c1989
300 _a12 h.
_b: ilus
590 _aBATCH-UPD
_b10
_c20130110
_lUCH01
_h0120
590 _aBATCH-UPD
_b10
_c20130110
_lUCH01
_h1632
590 _aCONVERSION
_b10
_c20130109
_lUCH01
_h1305
650 1 4 _aInvernaderos.
_960172
710 0 _aAmerican Society of Agricultural Engineers.
_95291
901 _aBK
942 _cFOLL
949 _aFolleto 14174
_bBC
_cFOLL
_d-17578
_eTS1
_i7740
_si
999 _c7539
_d7539